5 Risposte in 15 Secondi: Capitali Oceaniane - Statistics

Statistiche generali
  • Questo quiz è stato fatto 46 volte
  • Il punteggio medio è 3 su 5
Statistiche sulle risposte
Stato Capitale % Corretto
Samoa Apia
100%
Australia Canberra
100%
Papua Nuova Guinea Port Moresby
86%
Figi Suva
86%
Isole Marshall Majuro
83%
Nuova Zelanda Wellington
83%
Micronesia Palikir
75%
Nauru Yaren
57%
Vanuatu Port Vila
50%
Kiribati Sud Tarawa
50%
Palau Ngerulmud
43%
Isole Salomone Honiara
33%
Tonga Nuku'Alofa
33%
Tuvalu Funafuti
29%
Nessun quiz corrispondente trovato
Distribuzione punteggi
Percentuale di utenti per punteggio
Percentile per numero di risposta
I tuoi punteggi nel tempo
Non hai fatto questo quiz